Adaptácia zamestnancov

Proces adaptácie zamestnancov - na aké oblasti sa zameriava, čo je dôležitou súčasťou adaptačného programu.

Gespeichert in:
Bibliographische Detailangaben
1. Verfasser: Šukalová, Viera
Format: Buchkapitel
Sprache:Slowakisch
Schlagworte:
Tags: Tag hinzufügen
Keine Tags, Fügen Sie das erste Tag hinzu!

MARC

LEADER 00000naa a2200000 4500
001 0228387
005 20220722102555.4
041 0 |a slo 
044 |a SK 
245 1 0 |a Adaptácia zamestnancov  |c Viera Šukalová 
520 |a Proces adaptácie zamestnancov - na aké oblasti sa zameriava, čo je dôležitou súčasťou adaptačného programu. 
610 2 0 |a pracovníci 
610 2 0 |a spolupracovníci 
610 2 0 |a adaptácia 
610 2 0 |a vzťahy medziľudské 
610 2 0 |a prostredie pracovné 
100 1 |a Šukalová, Viera